The life and work of St. Paul. (Record no. 5157)

000 -LEADER
fixed length control field 00588nam a2200181 a 4500
001 - CONTROL NUMBER
control field :::00002898$&:&@@
003 - CONTROL NUMBER IDENTIFIER
control field OkBaRHE
005 - DATE AND TIME OF LATEST TRANSACTION
control field 20000607103258.0
008 - FIXED-LENGTH DATA ELEMENTS--GENERAL INFORMATION
fixed length control field s1898 j 000 0 eng u
040 ## - CATALOGING SOURCE
Transcribing agency
100 1# - MAIN ENTRY--PERSONAL NAME
Personal name Farrar, Frederic William, 1831-1903.
245 14 - TITLE STATEMENT
Title The life and work of St. Paul.
260 ## - PUBLICATION, DISTRIBUTION, ETC. (IMPRINT)
Place of publication, distribution, etc London, UK:EN., :
Name of publisher, distributor, etc Cassell and Company, Limited
Date of publication, distribution, etc c1898
300 ## - PHYSICAL DESCRIPTION
Extent xxii, 781 p. : illus. ;
Dimensions 20 cm.
650 ## - SUBJECT ADDED ENTRY--TOPICAL TERM
Topical term or geographic name as entry element Paul, Apostle, saint
942 ## - ADDED ENTRY ELEMENTS (KOHA)
Source of classification or shelving scheme
Koha item type Books
Copies
Not for loan Barcode Damaged status Date last seen Lost status Source of classification or shelving scheme Price effective from Permanent Location Full call number Koha item type Copy number Date acquired Shelving location Withdrawn status
 2898 2018-03-16  2010-04-14RHEMA Bible Training CollegeBS 2505 .F278Books12010-04-14General Stacks